Οι Έλληνες του κόσμου
Αποθηκεύτηκε σε:
| Κύριος συγγραφέας: | |
|---|---|
| Μορφή: | Βιβλίο |
| Γλώσσα: | Greek |
| Δημοσίευση: |
Αθήνα : Θεσσαλονίκη :
Άποψη, Κέντρο Γραμμάτων και Τεχνών ; [οργανισμός] Θεσσαλονίκη Πολιτιστική Πρωτεύουσα της Ευρώπης 1997,
c1997.
|
| Θέματα: | |
| Ετικέτες: |
Προσθήκη ετικέτας
Δεν υπάρχουν, Καταχωρήστε ετικέτα πρώτοι!
|
MARC
| LEADER | 00000cam a2200000 a 4500 | ||
|---|---|---|---|
| 001 | 1/122703 | ||
| 008 | 210223s1997####gr | ||| |||| ||gre|| | ||
| 020 | |a 960851391X | ||
| 020 | |a 9608513928 | ||
| 040 | |a GR-MyUa |b gre |c GR-MyUa |e AACR2 | ||
| 082 | 7 | |a 920 |2 (23) | |
| 100 | 1 | |a Αλεξάκης, Βασίλης Ι., |d 1943-2021. | |
| 245 | 1 | 3 | |a Οι Έλληνες του κόσμου / |c Αλεξάκης Βασίλης. |
| 260 | |a Αθήνα : |b Άποψη, Κέντρο Γραμμάτων και Τεχνών ; |a Θεσσαλονίκη : |b [οργανισμός] Θεσσαλονίκη Πολιτιστική Πρωτεύουσα της Ευρώπης 1997, |c c1997. | ||
| 300 | |a τ. : |b εικ. ; |c 32 εκ. | ||
| 505 | 8 | |a T. 1. Το νέο ελληνικό θαύμα. | |
| 650 | 0 | |a Greeks |x Foreign countries |x Intellectual life. | |
| 650 | 0 | |a Civilization, Modern |x Greek influences. | |
| 852 | |a INST |b SYROS |e 20210223 |h 920 ΑΛΕ |p 005500014379 |q 005500014379 |t BK |v τομ.1: |y 0 | ||
| 853 | |a INST |b SYROS |h 920 ΑΛΕ | ||
| 970 | |a Κοντού |b Παρασκευή |z 23/02/2021 | ||